Normal view MARC view

Entry Topical Term

Number of records used in: 28

001 - CONTROL NUMBER

  • control field: 648002

003 - CONTROL NUMBER IDENTIFIER

  • control field:

005 - DATE AND TIME OF LATEST TRANSACTION

  • control field: 20210603164639.0

008 - FIXED-LENGTH DATA ELEMENTS

  • fixed length control field: 210603|| aca||aabn | a|a d

040 ## - CATALOGING SOURCE

  • Original cataloging agency:
  • Transcribing agency:

150 ## - HEADING--TOPICAL TERM

  • Topical term or geographic name entry element: Civil law
  • Geographic subdivision: India
  • Geographic subdivision: Central Provinces

670 ## - SOURCE DATA FOUND

  • Source citation: Work cat.: (): Central Provinces (India, British). High Court, Nagpur, Report on the judicial administration (civil) of the central provinces :, 1909
                                                                           
web counter

Copyright ©2020 The National Library of India, Govt. of India ↔ Hosted by NVLI, MOC ↔ Technology and Design by National Library of India, Ministry of Culture, Govt. of India